000 00695nam a2200265 a 4500
001 000009766
003 DO-SdBNP
005 20240412074310.0
007 ta
008 091001s2017 dr a r 001 p spa d
020 _a9789945466287
040 _aDO-SdBNP
_bspa
_cBNPHU
082 4 _aRD861.44
_bC355a, 2017
100 _aCastro, Tomás,
_d1959-
_924641
245 1 0 _aAmor a quemarropa /
_b
_cTomás Castro
250 _a12 a. ed.
260 _aSanto Domingo :
_bYagué,
_c2017.
300 _a61 p.
_c22 cm.
490 1 _v24, 25
590 _aInventariado, 2023 / DG
650 0 _aPoesía dominicana
_966
650 0 _aLiteratura dominicana.
_967
910 _aDG
942 _2ddc
_cLBS1
999 _c53117
_d53117